04923nam a22004575i 450000100190000000500170001900600190003600700150005500800410007002000180011102400350012903500240016403500250018803500240021303500320023703500280026904000410029704100120033805000160035010000240036624501150039025000170050526400790052230000140060149000460061550505420066152027450120365000240394865000290397265000290400165000320403065000410406265000290410365000270413270000250415977601040418483000460428894200080433495201080434299900150445099110739985520619620250714144608.0m o d | cr#cnu||||||||240622s2024 sz | o |||| 0|eng d a97830315963607 a10.1007/978-3-031-59637-72doi a(MiAaPQ)EBC31501004 a(Au-PeEL)EBL31501004 a(CKB)32331491800041 a(DE-He213)978-3-031-59637-7 a(EXLCZ)9932331491800041 aMiAaPQbengerdaepncMiAaPQdMiAaPQ aEnglish 4aHF5415.1265 aKumar, Vikas91374310aTransformative Marketing b: Combining New Age Technologies and Human Insights c/ by V. Kumar, Philip Kotler. aFirst edtion 1aCham :bSpringer Nature Switzerland :bImprint: Palgrave Macmillan,c2024. a398 pages1 aPalgrave Executive Essentials,x2731-56220 aTransformative Marketing Has Begun — Transformative Marketing: A Marketing 5.0 Perspective — Transformative Marketing with Artificial Intelligence — Transformative Marketing with Generative Artificial Intelligence — Transformative Marketing with Machine Learning (ML) — Transformative Marketing with Metaverse — Transformative Marketing with Internet of Things (IoT) — Transformative Marketing with Robotics — Transformative Marketing using Drones — Transformative Marketing with Blockchain — Putting it All Together. aThis book gives an indispensable guide to navigating the shift in customer behavior and discovers how to rally their resources, cultivate capabilities, and forge strategies that harness cutting-edge technologies. In today's tech-centric world, customers crave lightning-fast digital experiences and demand instant solutions. In response, firms are changing the way they do business by accelerating the application of new age technologies, revamping processes, building new organizational structures, and innovating new business models. The authors unveil the secrets of integrating diverse data sources, principles of Marketing 5.0 and employing advanced techniques to unearth profound insights about the customers. This work is the ticket to the latest in AI, machine learning, drones, and other game-changing technologies. Stay ahead of the curve by learning not just what tech to use, but how, when, and why to deploy it in this digital age. For the trailblazers with the influence and resources to reshape marketing strategies, this book is the essential read. Executives climbing the corporate ladder will find it a compass, unraveling how new age technologies dance with both traditional and emerging marketing practices. And for MBA students hungry for insights on navigating the digital era's competitive landscape, this book is the treasure trove of tools and real-world cases. Dive in and chart the course in the tech-driven marketing landscape! Dr. V. Kumar (VK) is Professor of Marketing and the Goodman Academic-Industry Partnership Professor in the Goodman School of Business at Brock University, ON, Canada. VK has held several Endowed Distinguished Faculty Positions in the USA and Distinguished Fellowships across universities worldwide. VK has been honored as a Legend in Marketing through the 10-Volume Legends in Marketing series published by Sage Publications with commentaries from scholars worldwide. VK has published over 300 scholarly papers and over 30 books. The American Marketing Association has instituted the V Kumar Mentorship Award to honor his contributions in mentoring future generations of scholars. Dr. Philip Kotler is S.C. Johnson Distinguished Professor of International Marketing (emeritus) at the Kellogg School of Management, Northwestern University. He received his MA degree at the University of Chicago and Ph.D. Degree at MIT in economics. He published 90 books and 170 articles in leading journals. He has won many awards including the 9-Volume "Legends in Marketing" award. He consulted IBM, GE, AT&T, Honeywell, Bank of America, and Merck. He has been an AMA Director; a Drucker Foundation member. He received 22 honorary doctoral degrees. He has taught in Europe, Asia, and South America. 0aTelemarketing93659 0aInternet marketing91133 0aMarketing research91465 0aBusiness intelligence97978 0aCustomer relationsxManagement99249 0aDigital Marketing925727 0aConsumer behavior9997 aKotler, Philip9112308iPrint version:aKumar, V.tTransformative MarketingdCham : Palgrave Macmillan,c2024z9783031596360 0aPalgrave Executive Essentials,x2731-5622 2lcc 00102lcc4070aTBSbTBSd2025-07-14l0oHF5415.1265 KUMr2025-07-14t1w2025-07-14y1zSOON AVAILABLE c4853d4853